| 000 | 00768nam a2200253 4500 | ||
|---|---|---|---|
| 001 | 47913 | ||
| 003 | BD-RJUL | ||
| 005 | 20211209054425.0 | ||
| 008 | 160811s1964 enka 001 0 eng d | ||
| 035 | _a(BD-RJUL) 48032 | ||
| 040 |
_aDLC _cEWF _dUKM _dBD-RJUL _beng |
||
| 041 | _aeng | ||
| 082 |
_a352.63 _223 _bFIC 1964 |
||
| 100 | 1 | 1 |
_aField, Ronald _d1934-1989. _9145411 |
| 245 | 1 | 4 |
_aThe civil service & local government as a career / _c Ronald Field |
| 260 |
_aLondon : _bBatsford, _cc1964 |
||
| 300 |
_a136 p. : _billus. _c20 cm. |
||
| 490 | 1 | _aBatsford career books | |
| 500 | _aInclude Index | ||
| 650 | 0 |
_aCivil service _zGreat Britain. _9145412 |
|
| 650 | 0 |
_aLocal officials and employees _zGreat Britain _9145413 |
|
| 942 |
_2ddc _cBK |
||
| 999 |
_c47913 _d47913 |
||